Harry Potter: la Valise de Norbert Dragonneau - Statistiques

Statistiques générales
  • Ce quiz a été pris 38 fois
  • Le résultat moyen est 9 sur 27
Statistiques - réponses
Information Réponses % Correct
Première apparition Les Animaux Fantastiques
100%
Propriétaire Norbert Dragonneau
97%
Dernière apparition Les Animaux Fantastiques : les Crimes de Grindelwald
82%
Créature contenue Niffleur
82%
Créatures contenues Botrucs
64%
Créature contenue Demiguise
39%
Créature contenue Obscurus
36%
Créature contenue Éruptif
30%
Créature contenue Oiseau-Tonnerre
30%
Créature contenue Strangulot
30%
Créature contenue Demonzemerveille
27%
Créature contenue Occamy
27%
Créature contenue Murlap
24%
Créatures contenues Billywigs
21%
Créatures contenues Bousiers
18%
Créature contenue Chartier
18%
Créature contenue Focifere
18%
Créature contenue Kappa
18%
Créature contenue Zouwu
18%
Créature contenue Créature Crevette
15%
Créatures contenues Grapcornes
15%
Créature contenue Nundu
15%
Créature contenue Dirico
12%
Créatures contenues Doxys
12%
Créature contenue Musard
12%
Créature contenue Runespoor
12%
Créatures contenues Vers Luisants
12%
Aucun quiz correspondant
Distribution des résultats
% des personnes avec chaque résultat
Percentile par nombre de réponses
Votre historique - résultats
Vous n’avez pas pris ce quiz